Mestiksen mestarit - Statistics

Yleistilastot
  • Tätä visaa on pelattu 46 kertaa
    2 viimeisimmän päivityksen jälkeen
  • Keskiarvotulos 17 / 25
Vastaustilastot
Hint Vastaus % Oikein
2026 Jokerit
100%
2025 Jokerit
100%
2016 Jukurit
100%
2015 Jukurit
100%
2013 Jukurit
100%
2006 Jukurit
100%
2003 Jukurit
100%
2002 Jukurit
100%
2001 Jukurit
100%
2014 KooKoo
100%
2012 Sport
100%
2011 Sport
100%
2009 Sport
100%
2008 TuTo
100%
2007 Hokki
50%
2024 IPK
50%
2010 JoKP
50%
2018 Keupa HT
50%
2023 Kiekko-Espoo
50%
2017 SaPKo
50%
2005 KalPa
0%
2004 KalPa
0%
2022 Ketterä
0%
2021 Ketterä
0%
2019 Ketterä
0%
Ehtoja vastaavia visoja ei löytynyt
Tulosjakauma
Jokaisen tuloksen saaneiden osuus
Persentiili vastausten määrän mukaan
Tuloshistoriasi
Et ole pelannut tätä visaa sen viimeisimmän päivityksen jälkeen